[Event "Hessen-ch Seniors op 12th"]
[Site "Bad Sooden-Allendorf"]
[Date "2016.05.05"]
[Round "6"]
[White "Gottschalk, Juergen"]
[Black "Roggenbach, Ottomar"]
[Result "1/2-1/2"]
[WhiteElo "1597"]
[BlackElo "1802"]
[PlyCount "72"]
[EventDate "2016.04.30"]
[EventType "swiss"]
[EventRounds "9"]
[EventCountry "GER"]
[SourceTitle "EXT 2019"]
[Source "ChessBase"]
[SourceDate "2018.10.10"]
[SourceVersion "1"]
[SourceVersionDate "2018.10.10"]
[SourceQuality "1"]

1. e4 Nc6 2. d4 d5 3. e5 Bf5 4. c3 f6 5. f4 e6 6. Nf3 Be4 7. Bb5 a6 8. Bxc6+ bxc6 9. b4 Be7 10. 0-0 f5 11. Nbd2 Nh6 12. h3 0-0 13. Nb3 Rb8 14. a3 Nf7 15. Na5 Qd7 16. Qe2 Rb6 17. c4 Rfb8 18. c5 Rb5 19. Bd2 Ra8 20. g4 Rbb8 21. g5 Nd8 22. Nh4 Nb7 23. Nxb7 Rxb7 24. Qh5 Qe8 25. g6 h6 26. Nf3 Bxf3 27. Rxf3 Bd8 28. Rg3 Qe7 29. Be1 Qh4 30. Qf3 Qe7 31. Rg5 Qe8 32. Rg2 Be7 33. h4 Qd8 34. h5 Bh4 35. Bxh4 Qxh4 36. Rh2 Qe7 1/2-1/2

[Event "Hessen-ch Seniors op 12th"]
[Site "Bad Sooden-Allendorf"]
[Date "2016.04.30"]
[Round "1"]
[White "Roggenbach, Ottomar"]
[Black "Skorna, Ullrich"]
[Result "0-1"]
[WhiteElo "1802"]
[BlackElo "2083"]
[PlyCount "43"]
[EventDate "2016.04.30"]
[EventType "swiss"]
[EventRounds "9"]
[EventCountry "GER"]
[SourceTitle "EXT 2019"]
[Source "ChessBase"]
[SourceDate "2018.10.10"]
[SourceVersion "1"]
[SourceVersionDate "2018.10.10"]
[SourceQuality "1"]

1. e4 e6 2. d4 d5 3. e5 c5 4. c3 Nc6 5. Nf3 Nh6 6. Bd3 cxd4 7. cxd4 f6 8. 0-0 Nf7 9. Bf4 g5 10. Bg3 f5 11. h3 h5 12. Bb5 Bd7 13. Nc3 a6 14. Bxc6 Bxc6 15. Rc1 f4 16. Bh2 Bh6 17. Nd2 g4 18. hxg4 Qh4 19. g5 Qxg5 20. Nf3 Qg4 21. Ne1 f3 22. Rc2 0-1

[Event "Hessen-ch Seniors op 11th"]
[Site "Bad Sooden-Allendorf"]
[Date "2015.05.14"]
[Round "6"]
[White "Rollwitz, Juergen"]
[Black "Roggenbach, Ottomar"]
[Result "1/2-1/2"]
[WhiteElo "1971"]
[BlackElo "1819"]
[PlyCount "68"]
[EventDate "2015.05.09"]
[EventType "swiss"]
[EventRounds "9"]
[EventCountry "GER"]
[SourceTitle "EXT 2018"]
[Source "ChessBase"]
[SourceDate "2017.10.13"]
[SourceVersion "1"]
[SourceVersionDate "2017.10.13"]
[SourceQuality "1"]

1. e4 Nc6 2. Nf3 e5 3. c3 Bc5 4. d3 d6 5. Be2 Nge7 6. 0-0 0-0 7. Nbd2 Ng6 8. b4 Bb6 9. Nc4 Be6 10. a4 Bxc4 11. dxc4 a5 12. b5 Nce7 13. g3 h6 14. Qd3 Qd7 15. Kh1 f5 16. Be3 Bxe3 17. Qxe3 f4 18. Qd3 b6 19. Rad1 Rf6 20. Ng1 Raf8 21. Bf3 fxg3 22. fxg3 Qe6 23. Bg2 Rxf1 24. Rxf1 Rxf1 25. Qxf1 Qf7 26. Nf3 Nf8 27. Bh3 g6 28. Nd2 Qxf1+ 29. Nxf1 Kf7 30. Ne3 Ne6 31. Bxe6+ Kxe6 32. Nd5 Nxd5 33. cxd5+ Kf6 34. Kg2 h5 1/2-1/2

[Event "Hessen-ch Seniors op 11th"]
[Site "Bad Sooden-Allendorf"]
[Date "2015.05.09"]
[Round "1"]
[White "Roggenbach, Ottomar"]
[Black "Hunold, Rolf"]
[Result "1/2-1/2"]
[WhiteElo "1819"]
[BlackElo "2119"]
[PlyCount "81"]
[EventDate "2015.05.09"]
[EventType "swiss"]
[EventRounds "9"]
[EventCountry "GER"]
[SourceTitle "EXT 2018"]
[Source "ChessBase"]
[SourceDate "2017.10.13"]
[SourceVersion "1"]
[SourceVersionDate "2017.10.13"]
[SourceQuality "1"]

1. e4 c5 2. d4 cxd4 3. c3 dxc3 4. Nxc3 e6 5. Nf3 a6 6. Bc4 b5 7. Bb3 d6 8. 0-0 Ra7 9. Qe2 Be7 10. Rd1 Nc6 11. Bf4 Rd7 12. Rac1 Bb7 13. a3 h6 14. Rc2 Nf6 15. Rcd2 0-0 16. e5 dxe5 17. Rxd7 Nxd7 18. Bxe5 Qc8 19. Bg3 Nf6 20. Bc2 Rd8 21. Bb3 Na5 22. Ba2 Rxd1+ 23. Nxd1 Bd5 24. Bxd5 Nxd5 25. Be5 Nc4 26. Qc2 Qd7 27. Qd3 Nxe5 28. Nxe5 Qc7 29. Nf3 Bf6 30. Qb1 Qc4 31. b3 Qe2 32. Qc1 Bg5 33. Qb1 Bf6 34. h3 e5 35. Qc1 e4 36. Qc8+ Kh7 37. Qf5+ Kg8 38. Qc8+ Kh7 39. Qf5+ Kg8 40. Qc8+ Kh7 41. Qf5+ 1/2-1/2

[Event "GER-chB Seniors 26th"]
[Site "Bad Neuenahr"]
[Date "2014.08.11"]
[Round "7"]
[White "Roggenbach, Ottomar"]
[Black "Teichmann, Axel"]
[Result "1-0"]
[WhiteElo "1824"]
[BlackElo "1853"]
[PlyCount "83"]
[EventDate "2014.08.05"]
[EventType "swiss"]
[EventRounds "9"]
[EventCountry "GER"]
[SourceTitle "EXT 2018"]
[Source "ChessBase"]
[SourceDate "2017.10.13"]
[SourceVersion "1"]
[SourceVersionDate "2017.10.13"]
[SourceQuality "1"]

1. e4 e5 2. Nf3 Nc6 3. d4 exd4 4. Bc4 Be7 5. c3 d6 6. Qb3 Be6 7. Bxe6 fxe6 8. Qxe6 Qd7 9. Qxd7+ Kxd7 10. Nxd4 Ne5 11. 0-0 c5 12. Nf5 g6 13. Nxe7 Nxe7 14. Rd1 Ke6 15. Bf4 h6 16. Na3 a6 17. Rd2 g5 18. Bg3 Rad8 19. Rad1 b5 20. Bxe5 Kxe5 21. f3 Rd7 22. Nc2 Rhd8 23. Ne3 d5 24. Ng4+ Kf4 25. Kf2 dxe4 26. g3+ Kf5 27. Nxh6+ Ke6 28. Rxd7 e3+ 29. Kxe3 Rxd7 30. Rxd7 Kxd7 31. Ke4 Ke6 32. Ng4 Ng6 33. f4 gxf4 34. gxf4 Ne7 35. Ne3 a5 36. f5+ Kf7 37. Ke5 c4 38. Nd5 b4 39. Nxe7 Kxe7 40. f6+ Kf7 41. Kd4 a4 42. cxb4 1-0

[Event "GER-chB Seniors 26th"]
[Site "Bad Neuenahr"]
[Date "2014.08.09"]
[Round "5"]
[White "Roggenbach, Ottomar"]
[Black "Komeinda, Josef"]
[Result "1/2-1/2"]
[WhiteElo "1824"]
[BlackElo "1681"]
[PlyCount "109"]
[EventDate "2014.08.05"]
[EventType "swiss"]
[EventRounds "9"]
[EventCountry "GER"]
[SourceTitle "EXT 2018"]
[Source "ChessBase"]
[SourceDate "2017.10.13"]
[SourceVersion "1"]
[SourceVersionDate "2017.10.13"]
[SourceQuality "1"]

1. e4 c5 2. d4 cxd4 3. c3 Nf6 4. e5 Nd5 5. cxd4 e6 6. Bc4 Nb6 7. Bb3 d5 8. Nc3 Bb4 9. Bd2 Bd7 10. Nge2 Nc6 11. 0-0 0-0 12. Rc1 a6 13. a3 Be7 14. Be3 Bg5 15. f4 Be7 16. Na4 Nxa4 17. Bxa4 b5 18. Bc2 g6 19. Rf3 Na5 20. Bd3 Nc4 21. Bxc4 bxc4 22. Nc3 Rb8 23. Rb1 Rb3 24. Bc1 Qb6 25. Ne2 Rxf3 26. gxf3 Bxa3 27. Qc2 Be7 28. Nc3 Qxd4+ 29. Kg2 a5 30. Qe2 Qd3 31. Qxd3 cxd3 32. Kf1 Bh4 33. Be3 Rb8 34. Bf2 Be7 35. Ke1 Bb4 36. Bd4 a4 37. Kd2 Bb5 38. Ke3 Bxc3 39. Bxc3 Bc4 40. Ra1 Ra8 41. Kd2 h6 42. h4 h5 43. Bd4 Kf8 44. Bc3 Ra6 45. Ra3 Ke8 46. Bd4 Kd7 47. Ke3 Kc6 48. Kd2 Kb5 49. Ke3 Rc6 50. Bc3 Rc8 51. Ra1 Rc6 52. Ra3 Rc8 53. Bd4 Kb4 54. Bc3+ Kb5 55. Bd4 1/2-1/2

[Event "GER-chB Seniors 26th"]
[Site "Bad Neuenahr"]
[Date "2014.08.07"]
[Round "3"]
[White "Roggenbach, Ottomar"]
[Black "Baier, Peter"]
[Result "1/2-1/2"]
[WhiteElo "1824"]
[BlackElo "1712"]
[PlyCount "30"]
[EventDate "2014.08.05"]
[EventType "swiss"]
[EventRounds "9"]
[EventCountry "GER"]
[SourceTitle "EXT 2018"]
[Source "ChessBase"]
[SourceDate "2017.10.13"]
[SourceVersion "1"]
[SourceVersionDate "2017.10.13"]
[SourceQuality "1"]

1. e4 e5 2. Nf3 Nc6 3. d4 exd4 4. Bc4 Be7 5. c3 d6 6. cxd4 Nf6 7. Nc3 h6 8. e5 dxe5 9. dxe5 Qxd1+ 10. Nxd1 Nh7 11. Ne3 Ng5 12. Nxg5 Bxg5 13. Nd5 Bd8 14. 0-0 Be6 15. f4 Ne7 1/2-1/2

[Event "MVP-ch Seniors op 13th"]
[Site "Binz"]
[Date "2013.11.30"]
[Round "4"]
[White "Roggenbach, Ottomar"]
[Black "Schulz, Hermann"]
[Result "1/2-1/2"]
[WhiteElo "1617"]
[BlackElo "1410"]
[PlyCount "47"]
[EventDate "2013.11.27"]
[EventType "swiss"]
[EventRounds "9"]
[EventCountry "GER"]
[SourceTitle "EXT 2015"]
[Source "ChessBase"]
[SourceDate "2014.11.20"]
[SourceVersion "1"]
[SourceVersionDate "2014.11.20"]
[SourceQuality "1"]

1. e4 c5 2. d4 cxd4 3. c3 d3 4. Bxd3 d6 5. Be3 Nf6 6. Nf3 e6 7. 0-0 Be7 8. Qc2 Nc6 9. Nbd2 0-0 10. Rfd1 Qc7 11. Rac1 Bd7 12. Bg5 h6 13. Bh4 Rac8 14. Nf1 Ne5 15. Nxe5 dxe5 16. Qe2 Bc6 17. Bxf6 Bxf6 18. Bb5 Rfd8 19. Bxc6 Qxc6 20. Ng3 Qc7 21. Rxd8+ Rxd8 22. Rd1 Be7 23. Rd3 Rxd3 24. Qxd3 1/2-1/2

[Event "MVP-ch Seniors op 12th"]
[Site "Binz"]
[Date "2012.12.03"]
[Round "6"]
[White "Roggenbach, Ottomar"]
[Black "Tuertmann, Dieter"]
[Result "0-1"]
[WhiteElo "1611"]
[BlackElo "1797"]
[PlyCount "116"]
[EventDate "2012.11.28"]
[EventType "swiss"]
[EventRounds "9"]
[EventCountry "GER"]
[SourceTitle "EXT 2014"]
[Source "ChessBase"]
[SourceDate "2013.11.20"]
[SourceVersion "1"]
[SourceVersionDate "2013.11.20"]
[SourceQuality "1"]

1. e4 d6 2. d4 Nd7 3. Nf3 e6 4. Bc4 c6 5. 0-0 Nb6 6. Bb3 Nf6 7. Re1 Be7 8. c3 0-0 9. Bg5 Ne8 10. Bxe7 Qxe7 11. Nbd2 e5 12. dxe5 dxe5 13. h3 Be6 14. Bxe6 Qxe6 15. Qc2 g6 16. b3 Ng7 17. Rad1 Rad8 18. Nf1 Qe7 19. Ne3 Nc8 20. Rxd8 Rxd8 21. Rd1 Rxd1+ 22. Qxd1 f6 23. Nd2 Ne6 24. Qg4 Kh8 25. g3 Nd6 26. h4 Ng7 27. Ndc4 f5 28. exf5 gxf5 29. Qd1 Nf7 30. Ng2 b6 31. Qe2 Qc7 32. f4 e4 33. Nce3 b5 34. Qd2 Qd6 35. Qxd6 Nxd6 36. Kf2 a5 37. Ne1 Ne6 38. N1c2 Kg7 39. Ke2 Kf6 40. Nd1 c5 41. Nce3 Nc7 42. Nc2 b4 43. cxb4 axb4 44. Nde3 Ndb5 45. Nd1 Nd5 46. Kd2 Nd4 47. Nce3 Nc7 48. Nc4 Nf3+ 49. Ke2 Nb5 50. Kf2 Ke6 51. Ke3 Nfd4 52. Kd2 h5 53. Nce3 Nf3+ 54. Ke2 Nbd4+ 55. Kf2 Nd2 56. Nc4 Nxc4 57. bxc4 Kd6 58. Nb2 Kc6 0-1

[Event "GER-ch Seniors"]
[Site "Dresden"]
[Date "2012.08.15"]
[Round "7"]
[White "Roggenbach, Ottomar"]
[Black "Noelter, Gerd"]
[Result "1/2-1/2"]
[WhiteElo "1832"]
[BlackElo "1926"]
[PlyCount "82"]
[EventDate "2012.08.09"]
[EventType "swiss"]
[EventRounds "9"]
[EventCountry "GER"]
[SourceTitle "EXT 2014"]
[Source "ChessBase"]
[SourceDate "2013.11.20"]
[SourceVersion "1"]
[SourceVersionDate "2013.11.20"]
[SourceQuality "1"]

1. e4 e6 2. d4 d5 3. Bd3 Nf6 4. e5 Nfd7 5. c3 b6 6. Nf3 Be7 7. Be3 a5 8. a4 Ba6 9. Na3 Bxd3 10. Qxd3 0-0 11. 0-0 Na6 12. Rfd1 c6 13. Nc2 c5 14. Na3 Nc7 15. Qe2 Rb8 16. Nc2 c4 17. Na3 b5 18. Nxb5 Nxb5 19. axb5 Rxb5 20. Ra2 Qb6 21. Rda1 Rb8 22. Bc1 Bd8 23. Nd2 Qc6 24. Nb1 R5b7 25. Na3 Rb3 26. h3 Nf8 27. Nc2 Qb7 28. Kh2 Qe7 29. Qf3 Ng6 30. g3 Bb6 31. Qe2 Rf8 32. Kg2 f5 33. exf6 Qxf6 34. Ne3 Bc7 35. h4 Nxh4+ 36. gxh4 Qxh4 37. Nf1 Rf6 38. Ng3 Rg6 39. Qf3 Rb8 40. Rxa5 Bxa5 41. Rxa5 Rf8 1/2-1/2

[Event "MVP-ch Seniors op 11th"]
[Site "Binz"]
[Date "2011.12.07"]
[Round "8.37"]
[White "Nietsch, Horst"]
[Black "Roggenbach, Ottomar"]
[Result "1/2-1/2"]
[WhiteElo "1818"]
[BlackElo "1662"]
[PlyCount "89"]
[EventDate "2011.11.30"]
[EventType "swiss"]
[EventRounds "9"]
[EventCountry "GER"]
[SourceTitle "EXT 2013"]
[Source "ChessBase"]
[SourceDate "2012.11.22"]
[SourceVersion "1"]
[SourceVersionDate "2012.11.22"]
[SourceQuality "1"]

1. e4 Nc6 2. Nf3 e5 3. Bb5 Bc5 4. 0-0 d6 5. d4 exd4 6. Nxd4 Nge7 7. Bg5 Bd7 8. Nxc6 bxc6 9. Bd3 0-0 10. Qh5 Qe8 11. Nd2 f6 12. Bc4+ d5 13. Qe2 fxg5 14. Bd3 Ng6 15. Qh5 h6 16. g3 Ne5 17. Qxe8 Raxe8 18. Kg2 Bb6 19. f3 Nxd3 20. cxd3 Rf6 21. b4 a5 22. bxa5 Bxa5 23. Nb3 Bb6 24. a4 dxe4 25. dxe4 Be6 26. a5 Bxb3 27. axb6 cxb6 28. Rfb1 Bc4 29. Rxb6 Bb5 30. Rb7 Rf7 31. Rxf7 Kxf7 32. Kf2 Re7 33. Ke3 Rd7 34. Ra3 Ke6 35. f4 gxf4+ 36. gxf4 g6 37. h4 Kf6 38. Ra8 Rd3+ 39. Kf2 Rd7 40. Rh8 Kg7 41. Rb8 Re7 42. Ke3 g5 43. hxg5 hxg5 44. f5 Kf6 45. Rd8 1/2-1/2

[Event "MVP-ch Seniors op 11th"]
[Site "Binz"]
[Date "2011.12.01"]
[Round "2.67"]
[White "Ludwig, Richard"]
[Black "Roggenbach, Ottomar"]
[Result "1/2-1/2"]
[WhiteElo "1418"]
[BlackElo "1662"]
[PlyCount "75"]
[EventDate "2011.11.30"]
[EventType "swiss"]
[EventRounds "9"]
[EventCountry "GER"]
[SourceTitle "EXT 2013"]
[Source "ChessBase"]
[SourceDate "2012.11.22"]
[SourceVersion "1"]
[SourceVersionDate "2012.11.22"]
[SourceQuality "1"]

1. e4 Nc6 2. Nc3 e5 3. Nf3 Nf6 4. Bc4 Bc5 5. d3 h6 6. 0-0 d6 7. h3 0-0 8. Re1 Na5 9. Bb3 Nxb3 10. axb3 Be6 11. Be3 Bxe3 12. Rxe3 Nh7 13. Nh2 f5 14. exf5 Rxf5 15. Rf3 Rxf3 16. Nxf3 a6 17. Qe2 Qf6 18. Ne4 Qf7 19. Rd1 Rf8 20. Rf1 Bxh3 21. gxh3 Qxf3 22. Qxf3 Rxf3 23. Kg2 Rf7 24. Nc3 Nf6 25. Re1 Re7 26. f4 Kf7 27. fxe5 Rxe5 28. Rf1 Rg5+ 29. Kh2 Ke6 30. Rf2 c6 31. Ne2 Nd5 32. Nd4+ Ke7 33. Nf5+ Kd7 34. Nd4 Nf6 35. Nf5 Ke6 36. Nd4+ Kd5 37. Nf5 Ke6 38. Nd4+ 1/2-1/2

[Event "GER-ch Seniors 23rd"]
[Site "Halle"]
[Date "2011.08.09"]
[Round "5"]
[White "Roggenbach, Ottomar"]
[Black "Perk, Egbert"]
[Result "0-1"]
[WhiteElo "1843"]
[BlackElo "1983"]
[PlyCount "56"]
[EventDate "2011.08.05"]
[EventType "swiss"]
[EventRounds "9"]
[EventCountry "GER"]
[SourceTitle "CBM 144 Extra"]
[Source "ChessBase"]
[SourceDate "2011.10.28"]
[SourceVersion "1"]
[SourceVersionDate "2011.10.28"]
[SourceQuality "1"]

1. e4 d6 2. d4 Nf6 3. Nc3 c6 4. Bd3 g6 5. Nf3 Bg7 6. h3 b5 7. a3 a6 8. Be3 0-0 9. Qd2 Re8 10. 0-0 Bb7 11. Rfe1 Nbd7 12. Bg5 Qc7 13. Ne2 c5 14. Ng3 cxd4 15. Nxd4 Nc5 16. b4 Na4 17. Rac1 Nc3 18. Nf3 Nd7 19. Ne2 Nxe4 20. Bxe4 Bxe4 21. Nfd4 Nb6 22. f3 Nc4 23. Qc3 Bb7 24. Qd3 e5 25. Nb3 h6 26. Bh4 e4 27. fxe4 Bxe4 28. Qd1 Ne3 0-1

[Event "GER-ch Seniors 23rd"]
[Site "Halle"]
[Date "2011.08.08"]
[Round "4"]
[White "Reeh, Axel"]
[Black "Roggenbach, Ottomar"]
[Result "0-1"]
[WhiteElo "1857"]
[BlackElo "1843"]
[PlyCount "89"]
[EventDate "2011.08.05"]
[EventType "swiss"]
[EventRounds "9"]
[EventCountry "GER"]
[SourceTitle "CBM 144 Extra"]
[Source "ChessBase"]
[SourceDate "2011.10.28"]
[SourceVersion "1"]
[SourceVersionDate "2011.10.28"]
[SourceQuality "1"]

1. d4 Nf6 2. c4 e5 3. dxe5 Ng4 4. Nf3 Nc6 5. Nc3 Ngxe5 6. e4 Bb4 7. a3 Bxc3+ 8. bxc3 Nxf3+ 9. Qxf3 d6 10. Qg3 Qf6 11. Be2 Qg6 12. Qxg6 hxg6 13. f4 Be6 14. Be3 Na5 15. c5 dxc5 16. Rb1 b6 17. 0-0 Bc4 18. Rfe1 Bxe2 19. Rxe2 0-0-0 20. Rbe1 Rd3 21. Rc2 Re8 22. Bc1 Nc4 23. Kf2 f6 24. a4 a5 25. g3 Rd7 26. Kf3 c6 27. Be3 Rd3 28. e5 fxe5 29. Ke4 Rxe3+ 30. Rxe3 Nxe3 31. Kxe3 exf4+ 32. Kxf4 Rf8+ 33. Kg5 Rf6 34. h4 b5 35. axb5 cxb5 36. Ra2 Ra6 37. Kf4 Kc7 38. Kf3 Kd6 39. Rd2+ Ke6 40. Ke4 a4 41. Ra2 b4 42. cxb4 cxb4 43. Kd3 b3 44. Re2+ Kf5 45. Kc3 0-1

[Event "GER-ch Seniors 22nd"]
[Site "Berlin"]
[Date "2010.08.23"]
[Round "8"]
[White "Roggenbach, Ottomar"]
[Black "Fiedler, Ronald"]
[Result "1/2-1/2"]
[WhiteElo "1617"]
[BlackElo "1477"]
[PlyCount "58"]
[EventDate "2010.08.16"]
[EventType "swiss"]
[EventRounds "9"]
[EventCountry "GER"]
[SourceTitle "CBM 138 Extra"]
[Source "ChessBase"]
[SourceDate "2010.10.29"]
[SourceVersion "1"]
[SourceVersionDate "2010.10.29"]
[SourceQuality "1"]

1. e4 c5 2. d4 cxd4 3. c3 dxc3 4. Nxc3 Nc6 5. Nf3 d6 6. Bc4 e6 7. 0-0 Nf6 8. Qe2 Be7 9. Rd1 e5 10. Bg5 a6 11. Rac1 0-0 12. Be3 Ng4 13. Bd2 Nd4 14. Nxd4 exd4 15. Nd5 Ne5 16. Nxe7+ Qxe7 17. Bd5 Qh4 18. f3 Be6 19. Be1 Qe7 20. Rxd4 Rac8 21. Rcd1 Bxd5 22. Rxd5 Rc6 23. Bg3 f6 24. Bxe5 dxe5 25. Qd3 Rc7 26. Qb3 Qf7 27. Kf2 h6 28. Qd3 Re8 29. Rd2 Kh7 1/2-1/2

[Event "GER-ch Seniors 22nd"]
[Site "Berlin"]
[Date "2010.08.21"]
[Round "6"]
[White "Roggenbach, Ottomar"]
[Black "Toth, Hans Juergen"]
[Result "1/2-1/2"]
[WhiteElo "1617"]
[BlackElo "1451"]
[PlyCount "39"]
[EventDate "2010.08.16"]
[EventType "swiss"]
[EventRounds "9"]
[EventCountry "GER"]
[SourceTitle "CBM 138 Extra"]
[Source "ChessBase"]
[SourceDate "2010.10.29"]
[SourceVersion "1"]
[SourceVersionDate "2010.10.29"]
[SourceQuality "1"]

1. e4 e6 2. d4 d5 3. Bd3 c5 4. exd5 exd5 5. dxc5 Bxc5 6. Qe2+ Ne7 7. Bg5 Nbc6 8. Be3 Bxe3 9. Qxe3 0-0 10. Ne2 Bf5 11. 0-0 Bxd3 12. Qxd3 Rc8 13. c3 Qb6 14. Qd2 Ne5 15. Na3 Nc4 16. Nxc4 dxc4 17. Nd4 Rfd8 18. Qc2 Nc6 19. Nxc6 Qxc6 20. Rad1 1/2-1/2

[Event "GER-ch Seniors 22nd"]
[Site "Berlin"]
[Date "2010.08.16"]
[Round "1"]
[White "Swoboda, Peter"]
[Black "Roggenbach, Ottomar"]
[Result "1/2-1/2"]
[WhiteElo "1946"]
[BlackElo "1617"]
[PlyCount "97"]
[EventDate "2010.08.16"]
[EventType "swiss"]
[EventRounds "9"]
[EventCountry "GER"]
[SourceTitle "CBM 138 Extra"]
[Source "ChessBase"]
[SourceDate "2010.10.29"]
[SourceVersion "1"]
[SourceVersionDate "2010.10.29"]
[SourceQuality "1"]

1. d4 Nf6 2. c4 e5 3. dxe5 Ng4 4. Nf3 Nc6 5. Bd2 Ngxe5 6. Nxe5 Nxe5 7. e3 b6 8. Bc3 Nc6 9. Bd3 Bb7 10. Nd2 Qg5 11. 0-0 Bb4 12. Nf3 Qh6 13. Qc2 Bxc3 14. Qxc3 0-0 15. Rad1 d6 16. Be4 g6 17. Rd2 Rab8 18. Rfd1 Qg7 19. Qc1 Na5 20. Bd5 Nc6 21. a3 Ne7 22. Bxb7 Rxb7 23. Nd4 a6 24. b4 Rbb8 25. c5 dxc5 26. bxc5 b5 27. c6 Qf6 28. Qc5 Rb6 29. Rc1 Rd8 30. Rdc2 Rd5 31. Qc3 Qd6 32. Qb4 Qxb4 33. axb4 f5 34. f4 Kf7 35. Kf2 Kf6 36. Rc5 Rxc5 37. Rxc5 h5 38. g3 Kf7 39. Kf3 Kf6 40. e4 Rb8 41. h3 Rd8 42. Ke3 Re8 43. Re5 fxe4 44. Kxe4 Rd8 45. g4 hxg4 46. hxg4 Rxd4+ 47. Kxd4 Nxc6+ 48. Kd5 Nxe5 49. fxe5+ 1/2-1/2

[Event "GER-ch Seniors-B 20th"]
[Site "Erfurt"]
[Date "2008.08.11"]
[Round "7"]
[White "Pfueller, Volker"]
[Black "Roggenbach, Ottomar"]
[Result "1-0"]
[WhiteElo "1637"]
[BlackElo "1575"]
[PlyCount "27"]
[EventDate "2008.08.05"]
[EventType "swiss"]
[EventRounds "9"]
[EventCountry "GER"]
[SourceTitle "CBM 126 Extra"]
[Source "ChessBase"]
[SourceDate "2008.11.05"]
[SourceVersion "1"]
[SourceVersionDate "2008.11.05"]
[SourceQuality "1"]

1. e4 Nc6 2. Nf3 e5 3. Bc4 Nf6 4. Ng5 d5 5. exd5 Na5 6. Bb5+ c6 7. dxc6 bxc6 8. Qf3 Bd7 9. Be2 Be7 10. 0-0 0-0 11. d3 Bg4 12. Qe3 Nd5 13. Qe4 Bxe2 14. Qxh7# 1-0